01237cam a2200325 a 4500999001700000001000800017003000900025005001700034008004100051020001500092020001800107040003800125082002000163100004900183240002300232245010500255250004100360264008000401300002400481336002600505337002800531338002700559490001800586505007600604650002700680653002300707655002400730942001200754952014500766 c16884d168841639387EG-ScBUE20201101095706.0960129s1995 nyu f 000 d eng d a0679763961 a9780679763963 aDLCbengerdacDLCdDLCdEG-ScBUE04a812.52bONE2221 aO'Neill, Eugene,d1888-1953,eauthor.93065310aPlays.kSelections10aThree plays :bDesire under the elms, Strange interlude, Mourning becomes electra /cEugene O'Neill. aFirst Vintage International edition. 1aNew York :bVintage International, a Division of Random House, Inc.,c1995. a424 pages ;c21 cm. 2rdacontentatextbtxt 2rdamediaaunmediatedbn 2rdacarrieravolumebnc0 aVintage books0 aDesire under the elms -- Strange interlude -- Mourning becomes electra. 7aAmerican drama.2BUEsh cJuly2012bHHUUEENN vReading book934232 2ddccBB 00102ddc40708BaccahaMAINbMAINc2NDd2012-07-12epurchaseg122.00h15359l0o812.52 ONEp000026992r2025-07-15 00:00:00w2012-07-12yBB